<?xml version="1.0" encoding="UTF-8"?><?xml-stylesheet type="text/xsl" href="static/style.xsl"?><OAI-PMH xmlns="http://www.openarchives.org/OAI/2.0/" xmlns:xsi="http://www.w3.org/2001/XMLSchema-instance" xsi:schemaLocation="http://www.openarchives.org/OAI/2.0/ http://www.openarchives.org/OAI/2.0/OAI-PMH.xsd"><responseDate>2026-04-13T05:47:06Z</responseDate><request verb="GetRecord" identifier="oai:www.recercat.cat:11351/13481" metadataPrefix="marc">https://recercat.cat/oai/request</request><GetRecord><record><header><identifier>oai:recercat.cat:11351/13481</identifier><datestamp>2025-10-24T10:50:43Z</datestamp><setSpec>com_2072_451661</setSpec><setSpec>com_2072_378040</setSpec><setSpec>col_2072_451664</setSpec></header><metadata><record xmlns="http://www.loc.gov/MARC21/slim" xmlns:dcterms="http://purl.org/dc/terms/" xmlns:xsi="http://www.w3.org/2001/XMLSchema-instance" xmlns:doc="http://www.lyncode.com/xoai" xsi:schemaLocation="http://www.loc.gov/MARC21/slim http://www.loc.gov/standards/marcxml/schema/MARC21slim.xsd">
   <leader>00925njm 22002777a 4500</leader>
   <datafield ind2=" " ind1=" " tag="042">
      <subfield code="a">dc</subfield>
   </datafield>
   <datafield ind2=" " ind1=" " tag="720">
      <subfield code="a">Brugat-López, Judit</subfield>
      <subfield code="e">author</subfield>
   </datafield>
   <datafield ind2=" " ind1=" " tag="720">
      <subfield code="a">Delclòs-Rabassa, Jordina</subfield>
      <subfield code="e">author</subfield>
   </datafield>
   <datafield ind2=" " ind1=" " tag="720">
      <subfield code="a">Fontova-Almató, Aurora</subfield>
      <subfield code="e">author</subfield>
   </datafield>
   <datafield ind2=" " ind1=" " tag="720">
      <subfield code="a">Madern-Aguilar, Mireia</subfield>
      <subfield code="e">author</subfield>
   </datafield>
   <datafield ind2=" " ind1=" " tag="720">
      <subfield code="a">Carreras-López, Núria</subfield>
      <subfield code="e">author</subfield>
   </datafield>
   <datafield ind2=" " ind1=" " tag="720">
      <subfield code="a">Salleras-Duran, Laia</subfield>
      <subfield code="e">author</subfield>
   </datafield>
   <datafield ind2=" " ind1=" " tag="260">
      <subfield code="c">2025-08-05T09:26:07Z</subfield>
   </datafield>
   <datafield ind2=" " ind1=" " tag="260">
      <subfield code="c">2025-08-05T09:26:07Z</subfield>
   </datafield>
   <datafield ind2=" " ind1=" " tag="260">
      <subfield code="c">2024-06-05</subfield>
   </datafield>
   <datafield ind2=" " ind1=" " tag="520">
      <subfield code="a">Sepsis; Urgencias; Mortalidad</subfield>
   </datafield>
   <datafield ind2=" " ind1=" " tag="520">
      <subfield code="a">Sepsi; Urgències; Mortalitat</subfield>
   </datafield>
   <datafield ind2=" " ind1=" " tag="520">
      <subfield code="a">Sepsis; Emergencies; Mortality</subfield>
   </datafield>
   <datafield ind2=" " ind1=" " tag="520">
      <subfield code="a">Amb l'objectiu d'analitzar el compliment dels temps recomanats per a l'atenció inicial en pacients amb infecció greu, sèpsia o xoc sèptic, es va dur a terme un estudi retrospectiu de la base de dades de la unitat de monitoratge dels pacients procedents d'urgències de l'Hospital de Figueres. S'hi van incloure pacients amb diagnòstics d'infecció greu, sèpsia o xoc sèptic durant l'any 2023. Es van avaluar els temps d'administració d'antibiòtic, la determinació de lactat, la determinació d'hemocultius i l'administració de líquids dins de la primera hora. L'anàlisi va revelar que dels objectius que recomanen les guies que s'haurien d'executar, el que va suposar un compliment millor va ser la presa d'hemocultius, seguit de la determinació de lactat. En canvi, l'administració d'antibiòtics i de líquids es va complir gairebé la meitat dels pacients dins de la primera hora. Com a implicacions a la pràctica clínica, els resultats posen de manifest la necessitat de reforçar la implementació de les guies del codi sèpsia, amb un èmfasi especial en l'administració precoç de l'antibiòtic i la reanimació amb líquids durant la primera hora d'atenció.</subfield>
   </datafield>
   <datafield ind2=" " ind1=" " tag="520">
      <subfield code="a">Con el objetivo de analizar el cumplimiento de los tiempos recomendados para la atención inicial en pacientes con infección grave, sepsis o choque séptico, se llevó a cabo un estudio retrospectivo de la base de datos de la unidad de monitorización de los pacientes procedentes de urgencias del Hospital de Figueres. Se incluyeron pacientes con diagnósticos de infección grave, sepsis o choque séptico durante el año 2023. Se evaluaron los tiempos de administración de antibiótico, la determinación de lactato, la determinación de hemocultivos y la administración de líquidos dentro de la primera hora. El análisis reveló que de los objetivos que recomiendan las guías que se deberían ejecutar, el que supuso un mejor cumplimiento fue la toma de hemocultivos, seguido de la determinación de lactato. En cambio, la administración de antibióticos y de líquidos se cumplió en casi la mitad de los pacientes dentro de la primera hora. Como implicaciones a la práctica clínica, los resultados ponen de manifiesto la necesidad de reforzar la implementación de las guías del código sepsis, con especial énfasis en la administración precoz del antibiótico y la reanimación con líquidos durante la primera hora de atención</subfield>
   </datafield>
   <datafield ind2=" " ind1=" " tag="520">
      <subfield code="a">To assess adherence to recommended timeframes for the initial management of patients with severe infection, sepsis, or septic shock, a retrospective analysis was conducted using data from the emergency department's patient monitoring unit of Figueres Hospital. The study included patients diagnosed with severe infection, sepsis, or septic shock during 2023. The timing of antibiotic administration, lactate determination, blood culture determination, and fluid administration within the first hour were evaluated. The analyses showed that the highest adherence to the guidelines recommended targets was observed for blood culture collection, followed by lactate measurement. In contrast, timely administration of antibiotics and fluids was achieved in approximately half of the cases. These findings underscore the need to enhance adherence to sepsis protocol guidelines in clinical practice, with particular emphasis on promot antibiotic therapy and early fluid resuscitation within the first hour of patient care.</subfield>
   </datafield>
   <datafield ind1="8" ind2=" " tag="024">
      <subfield code="a">http://hdl.handle.net/11351/13481</subfield>
   </datafield>
   <datafield tag="653" ind2=" " ind1=" ">
      <subfield code="a">Septicèmia</subfield>
   </datafield>
   <datafield tag="653" ind2=" " ind1=" ">
      <subfield code="a">Urgències mèdiques, Serveis d'</subfield>
   </datafield>
   <datafield tag="653" ind2=" " ind1=" ">
      <subfield code="a">Tractament</subfield>
   </datafield>
   <datafield tag="653" ind2=" " ind1=" ">
      <subfield code="a">DISEASES::Pathological Conditions, Signs and Symptoms::Pathologic Processes::Inflammation::Systemic Inflammatory Response Syndrome::Sepsis</subfield>
   </datafield>
   <datafield tag="653" ind2=" " ind1=" ">
      <subfield code="a">HEALTH CARE::Health Care Facilities, Manpower, and Services::Health Services::Emergency Medical Services</subfield>
   </datafield>
   <datafield tag="653" ind2=" " ind1=" ">
      <subfield code="a">ANALYTICAL, DIAGNOSTIC AND THERAPEUTIC TECHNIQUES, AND EQUIPMENT::Therapeutics::Patient Care::Time-to-Treatment</subfield>
   </datafield>
   <datafield tag="653" ind2=" " ind1=" ">
      <subfield code="a">ENFERMEDADES::afecciones patológicas, signos y síntomas::procesos patológicos::inflamación::síndrome de respuesta inflamatoria sistémica::sepsis</subfield>
   </datafield>
   <datafield tag="653" ind2=" " ind1=" ">
      <subfield code="a">ATENCIÓN DE SALUD::instalaciones, servicios y personal de asistencia sanitaria::servicios de salud::servicios médicos de urgencia</subfield>
   </datafield>
   <datafield tag="653" ind2=" " ind1=" ">
      <subfield code="a">TÉCNICAS Y EQUIPOS ANALÍTICOS, DIAGNÓSTICOS Y TERAPÉUTICOS::terapéutica::asistencia al paciente::tiempo hasta el tratamiento</subfield>
   </datafield>
   <datafield ind2="0" ind1="0" tag="245">
      <subfield code="a">Análisis del cumplimiento de las guías del código sepsis en un servicio de urgencias</subfield>
   </datafield>
</record></metadata></record></GetRecord></OAI-PMH>